| 000 | 00616nam a2200193 i 4500 | ||
|---|---|---|---|
| 001 | 101446 | ||
| 003 | ES-MaACL | ||
| 005 | 20230906182918.0 | ||
| 007 | t| | ||
| 008 | 051018s1971 sp ||||1| spa d | ||
| 100 | 1 |
_aMazzoli, Efrem. _979506 |
|
| 245 | 1 | 4 |
_aLos institutos seculares en la Iglesia _b: posición teológico-social-jurídica / _cEfrem Mazzoli: traducción por Javier Ros de Abárzuza. |
| 260 |
_aMadrid : _bStudium, _c1971. |
||
| 300 |
_a238 p. ; _c21 cm. |
||
| 700 | 0 |
_aJavier de Abárzuza, _d1903-1980 _917972 |
|
| 852 |
_aES-MaACL _jC-41953 _bR.77728 |
||
| 942 | _2udc | ||
| 999 |
_c101446 _d101446 |
||